Manual de escoltas: protección a dignatarios (Registro nro. 5234)

Detalles MARC
000 -Cabecera
Campo de control de longitud fija 00695aam a2200253 4500
005 - Fecha y hora de la última transacción
Campo de control 20260413152823.0
008 - Elementos de longitud fija--Información general
Campo de control de longitud fija 150507b2005 xxu||||| |||| 00| 0 spa d
020 ## - International Standard Book Number
Número Internacional Estándar del Libro (ISBN) 9872224005
041 ## - Idioma
Código de idioma Español
082 ## - Clasificación Decimal Dewey
Número de clasificación 364.4 Z94m
100 ## - Entrada principal--Autor personal
Nombre personal Zuluaga Granados, José Beiman
9 (RLIN) 37401
245 ## - Título propiamente dicho
Título Manual de escoltas: protección a dignatarios
260 ## - Pie de imprenta
Lugar de publicación, distribución, etc. Argentina
260 ## - Pie de imprenta
Nombre del editor, distribuidor, etc. Grafica Sur
260 ## - Pie de imprenta
Fecha de publicación, distribución, etc. 2005
300 ## - Descripción física
Extensión 78 páginas
490 ## - Serie
Título de la Serie Investigación Criminal
650 ## - Materia general
Temática (materia general) SEGURIDAD PERSONAL
650 ## - Materia general
Temática (materia general) PERSONAL DE SEGURIDAD
650 ## - Materia general
Temática (materia general) COMPORTAMIENTO PREVENTIVO
650 ## - Materia general
Temática (materia general) SEGURIDAD DE PERSONALIDADES
650 ## - Materia general
Temática (materia general) PROTECCIÓN DE DIGNATARIOS
942 ## - Punto de acceso adicional KOHA
Tipo de ítem KOHA Libro
Fuente del sistema de clasificación o colocación Dewey Decimal Classification
Existencias
Signatura completa Código de barras Programa Académico Tipo de ítem
364.4 Z94m 14236 Investigación Criminal Libro